000 00637nam a2200217Ii 4500
003 JO-AjNU
008 230605s9999||||xx |||||||||||||| ||und||
017 _a2007/12/3682
040 _aJO-AjNU
_bara
_erda
_cJO-AjNU
041 _aara
050 1 4 _aPJ7816 2007
100 3 _aالكرايمه، بكر,
_eauthor
_957531
245 0 0 _aالظلال
250 _aط1
264 3 1 _aعمان: وزارة الثقافه،2007
300 _a105ص
336 _atext
_btxt
_2rdacontent
337 _aunmediated
_bn
_2rdamedia
338 _avolume
_bnc
_2rdacarrier
650 4 _aالروايه العربيه-العصر الحديث
_957532
999 _aA25788
_c29356
_d29356